000 00594nam a2200205Ia 4500
003 OSt
005 20251103151504.0
008 210210b1981 xxu||||| |||| 00| 0 eng d
040 _cAL
041 _aKannada
082 _aK894.109 PARB
100 _aPARAMESHVARA BHATTA (S V).
_dಪರಮೇಶ್ವರ ಭಟ್ಟ (ಎಸ್ ವಿ )
_9240956
245 _aBhavagite
_bಭಾವಗೀತೆ
260 _aMaisuru
_bMaisuru Vishvavidyanilaya
_c1981
300 _a79
650 _aBhavagite
_9240957
690 _aKannada Poetry Criticism
_9240958
906 _aSG03034
942 _2ddc
_cSG
999 _c113785
_d113785